Cena ako nákupná informácia

Vplyv ceny na rozhodovanie spotrebiteľa. Využitie ceny z psychologického hľadiska. Vzájomný vzťah ceny a kvality výrobku vo vnímaní zákazníka. Druhy tovaru, pri ktorých by zákazník nemal klásť prehnaný dôraz na ich cenu. Ako účinne kombinovať cenu a kvalitu.

Enregistré dans:
Détails bibliographiques
Auteur principal: Lipianska, Júlia
Format: Chapitre de livre
Langue:slovaque
Sujets:
Tags: Ajouter un tag
Pas de tags, Soyez le premier à ajouter un tag!

MARC

LEADER 00000naa a2200000 4500
001 r037284
005 20231003110957.1
041 0 |a slo 
044 |a SK 
245 1 0 |a Cena ako nákupná informácia  |c Júlia Lipianska 
520 |a Vplyv ceny na rozhodovanie spotrebiteľa. Využitie ceny z psychologického hľadiska. Vzájomný vzťah ceny a kvality výrobku vo vnímaní zákazníka. Druhy tovaru, pri ktorých by zákazník nemal klásť prehnaný dôraz na ich cenu. Ako účinne kombinovať cenu a kvalitu. 
610 2 0 |a ceny 
610 2 0 |a tvorba cien 
610 2 0 |a kvalita výrobkov 
610 2 0 |a spotrebitelia 
610 2 0 |a správanie spotrebiteľa 
610 2 0 |a pohyby cenové 
610 2 0 |a tovar 
100 1 |a Lipianska, Júlia